| 000 | 00686nam a2200193 a 4500 | ||
|---|---|---|---|
| 001 | 000021872 | ||
| 005 | 20240501121535.0 | ||
| 008 | 100914s1925 dr 000 0 spa d | ||
| 040 |
_aDO-SdBNP _bspa _cBNPHU |
||
| 082 |
_a306.08 _bH519n |
||
| 100 | 1 |
_aHenríquez i Carvajal, Federico, _d1848-1952 _97792 |
|
| 245 | 1 | 0 |
_aNacionalismo / _cFederico Henríquez i Carvajal. |
| 260 |
_aSanto Domingo : _bImprenta de J. R. vda. García, _c1925. |
||
| 300 |
_a251 p. ; _c26 cm. |
||
| 650 | 4 |
_aIdentidad nacional _xEnsayos, conferencias, etc. _92001 |
|
| 650 | 0 |
_aIdentidad colectiva _91723 |
|
| 651 | 4 |
_aRepública Dominicana _xCondiciones Sociales _946 |
|
| 910 | _aValidado. Control de calidad EMS | ||
| 999 |
_c21370 _d21370 |
||